[Event "Wch Rapid"]
[Site "Samarkand"]
[Date "2023.12.28"]
[Round "10"]
[White "Zilka, Stepan"]
[Black "Oro, Faustino"]
[Result "1-0"]
[WhiteElo "2615"]
[BlackElo "2357"]
[PlyCount "83"]
[EventDate "2023.12.26"]
[EventType "swiss (rapid)"]
[EventRounds "13"]
[EventCountry "UZB"]
[SourceTitle "CB01_2024"]
[SourceDate "2024.01.03"]
[SourceVersion "1"]
[SourceVersionDate "2024.01.03"]
[SourceQuality "1"]

1. d4 Nf6 2. c4 e6 3. Nf3 b6 4. g3 Bb7 5. Bg2 Bb4+ 6. Bd2 Bxd2+ 7. Qxd2 0-0 8. Nc3 d6 9. 0-0 Nbd7 10. d5 e5 11. e4 a5 12. Nh4 Nc5 13. Nf5 Bc8 14. Ne3 Qe7 15. b3 Ng4 16. Nxg4 Bxg4 17. Rae1 Rae8 18. Kh1 Bd7 19. f4 g6 20. f5 f6 21. g4 Qg7 22. Re3 Kh8 23. Rg3 gxf5 24. gxf5 Qf7 25. Bf3 Rg8 26. Rfg1 Rxg3 27. Rxg3 Rg8 28. Ne2 Be8 29. Qe3 b5 30. Rxg8+ Kxg8 31. Ng3 bxc4 32. bxc4 Qg7 33. Bh5 Ba4 34. h4 Bc2 35. Kh2 Bd3 36. Be2 Bxe2 37. Qxe2 Qh6 38. Kh3 Kf7 39. Qe1 a4 40. Qa5 Ke7 41. Qxc7+ Nd7 42. c5 1-0

[Event "Wch Rapid"]
[Site "Samarkand"]
[Date "2023.12.26"]
[Round "5"]
[White "Oro, Faustino"]
[Black "Karthik, Venkataraman"]
[Result "0-1"]
[WhiteElo "2357"]
[BlackElo "2609"]
[PlyCount "97"]
[EventDate "2023.12.26"]
[EventType "swiss (rapid)"]
[EventRounds "13"]
[EventCountry "UZB"]
[SourceTitle "CB01_2024"]
[SourceDate "2024.01.03"]
[SourceVersion "1"]
[SourceVersionDate "2024.01.03"]
[SourceQuality "1"]

1. e4 c5 2. Nf3 d6 3. c3 Nf6 4. h3 Nc6 5. Bd3 e5 6. Bc2 d5 7. exd5 Qxd5 8. Qe2 Be7 9. d3 h6 10. 0-0 0-0 11. Nbd2 Bf5 12. Nc4 Rfe8 13. Ne3 Qd7 14. Nxf5 Qxf5 15. Re1 Bf8 16. Nd2 Nd5 17. Ne4 Qd7 18. Qf3 Rad8 19. Bd2 Kh8 20. Rad1 a6 21. a4 b6 22. Bb3 Re7 23. Ng3 Re6 24. Bc4 Rf6 25. Qe4 Nc7 26. Bc1 b5 27. Ba2 Rd6 28. axb5 axb5 29. Be3 c4 30. Bb1 g6 31. Bc5 Rd5 32. Bxf8 Rxf8 33. Qh4 Kg7 34. Re3 f5 35. f4 e4 36. d4 b4 37. Nf1 Rb5 38. Nd2 bxc3 39. bxc3 Nd5 40. Nxc4 Nxe3 41. Nxe3 Rb3 42. Qe1 Na5 43. c4 Qa7 44. Bc2 Ra3 45. c5 Rd8 46. Kh2 Qc7 47. Qf2 Ra2 48. d5 Kh7 49. Nf1 0-1